zpět

Detail výsledku týmu

Tribuna, Přerov

Datum a čas kvízu

24 Celkem bodů Celkový počet nahraných bodů na tomto kvízu bez doplňovacích otázek.
6. Pořadí na kvízu Konečné umístění týmu na tomto kvízu.

Zaznamenané odpovědi

# Otázka Odpověď Body Výsledky
1. Své členství v hnutí ANO minul... Petr Vokřál 0
2. Expedice Tatra kolem světa, kt... Írán 1
3. Na začátku minulého týdne bylo... Jaroslav Uhlíř 1
4. V pátek jsme se dozvěděli, že... Obbod 0
5. Fanoušci jednoho z fotbalových... Benfica Lisabon 0
6. Clint Eastwood oslavil posledn... hrst, pár 1
7. V souvislosti s Eastwoodem byc... Sergio Leone, Ennio Morricone 0
8. Který z těchto filmů Eastwood... D 0
9. Nechybělo mnoho a toto téma by... C 0
10. Jednou z nejznámějších písní v... Blur 0